000 00704nam a2200241 i 4500
001 C2-0308346
003 PPAK
005 20180728095150.0
008 110427s2003 nyua|||| ||||| | eng d
020 _a006054094X
040 _aPPAK
_beng
_cPPAK
_erda
082 0 4 _a910.951
_223
090 0 0 _a910.951
_bMEN
_dKMI
100 1 _aMenzies, Gavin,
_eauthor
245 1 0 _a1421 the year China discovered America
264 1 _aNew York :
_bHarperCollins Publishers ,
_c2003
300 _a650 pages :
_bcolour illustrations ;
_c22 cm
336 _2rdacontent
_atext
337 _2rdamedia
_aunmediated
338 _2rdacarrier
_avolume
650 1 0 _aDiscovering in geography - Chinese.
942 _ddc
_cB
999 _c110958
_d110958